The magic of achievers
Salvato in:
| Autore principale: | |
|---|---|
| Natura: | Libro |
| Lingua: | inglese |
| Pubblicazione: |
Newdawn International Publishers
2006
|
| Tags: |
Aggiungi Tag
Nessun Tag, puoi essere il primo ad aggiungerne!!
|
MARC
| LEADER | 00000nam a22000007a 4500 | ||
|---|---|---|---|
| 008 | 201218b ||||| |||| 00| 0 eng d | ||
| 020 | |a 978-066-176-x | ||
| 100 | |a OLUWASINA, Olagbende. | ||
| 245 | |a The magic of achievers |c Olagbende Oluwasina |g 241p. | ||
| 260 | |b Newdawn International Publishers |c 2006 |h Lagos |i 652355 |l BF504.3 .Ol9 |m Achievement – Motivation. |m Successful people. | ||
| 942 | |a lcc |c BK |e Adeniran, F. A |f 18/12/2020 | ||
| 952 | |0 0 |1 0 |2 lcc |4 0 |6 BF05043 O L9 |7 0 |9 975 |a HOL |b HOL |c LP |d 2020-12-18 |l 0 |o BF504.3 .Ol9 |p 2020-230201 |r 2020-12-18 00:00:00 |w 2020-12-18 |y BK | ||
| 999 | |c 497 |d 497 | ||